[Event "Olympiad"]
[Site "masterchessopen.com Novi Sad (Yugoslavia)"]
[Round "0"]
[White "Carless David (HKG)"]
[Black "Ahmed Farhan Mukhtar (YEM)"]
[Result "1-0"]
[WhiteElo "2215"]
[BlackElo "2200"]

1.d4 Nf6 2.c4 e6 3.g3 d5 4.Nf3 Be7 5.Bg2 O-O 6.O-O Nbd7 7.Qc2 c6 8.Nbd2 Re8
9.b3 b6 10.Bb2 Bb7 11.Rfd1 Rc8 12.e4 dxe4 13.Nxe4 Qc7 14.Re1 c5 15.Nxf6+ Nxf6
16.d5 exd5 17.Be5 Qd7 18.Ng5 g6 19.cxd5 Nxd5 20.Ne4 Qf5 21.Qb2 Ba8 22.h3 Rcd8
23.g4 Qc8 24.g5 Qf5 25.Bh8 f6 26.gxf6 Bf8 27.Bg7 Kf7 28.Ng3 Rxe1+ 29.Rxe1 Qd3
30.Qe5 Qc3 31.Qe6# 1-0

[Event "Olympiad"]
[Site "masterchessopen.com Novi Sad (Yugoslavia)"]
[Round "0"]
[White "Hergott Deen (CAN)"]
[Black "Sasaki Katsumi (JPN)"]
[Result "1-0"]
[WhiteElo "2385"]
[BlackElo "2155"]

1.Nf3 Nf6 2.c4 e6 3.g3 d5 4.d4 Be7 5.Bg2 O-O 6.O-O c6 7.Qc2 Nbd7 8.Nbd2 Re8
9.Rd1 Qb6 10.e4 e5 11.cxd5 cxd5 12.exd5 exd4 13.Nc4 Qc5 14.Rxd4 Ne5 15.Nfxe5
Bd6 16.b4 Qc7 17.Nf3 Bg4 18.Bb2 b5 19.Rxg4 Nxg4 20.Ng5 g6 21.Qc3 Be5 22.Nxe5
Qxc3 23.Bxc3 Nxe5 24.Ne4 Nd7 25.Nf6+ Nxf6 26.Bxf6 {#r} 1-0

[Event "Ch Georgia (w)"]
[Site "masterchessopen.com Tbilisi (Georgia)"]
[Round "0"]
[White "Kachiani-G Ketino (GER)"]
[Black "Kobaidze Tsiuri (GEO)"]
[Result "1-0"]
[WhiteElo "2319"]
[BlackElo "2092"]

1.d4 Nf6 2.c4 e6 3.g3 d5 4.Nf3 c6 5.Bg2 Be7 6.O-O O-O 7.Nbd2 Nbd7 8.Qc2 b6
9.e4 dxe4 10.Nxe4 Nxe4 11.Qxe4 Bb7 12.Rd1 Rc8 13.b3 Bf6 14.Bb2 Qc7 15.Rd2 c5
16.Qe2 cxd4 17.Bxd4 Rfd8 18.Rad1 h6 19.h4 Bxd4 20.Nxd4 Bxg2 21.Kxg2 Nf6 22.Nb5
Rxd2 23.Rxd2 Qe7 24.Qf3 h5 25.Kg1 g6 26.Nxa7 Qxa7 27.Qxf6 Qb7 28.Rd6 b5 29.c5
b4 30.c6 {#r} 1-0

[Event "It"]
[Site "masterchessopen.com Bogota (Colombia)"]
[Round "0"]
[White "Clavijo Jorge (COL)"]
[Black "Pena Eduardo (CUB)"]
[Result "1-0"]
[WhiteElo "2319"]
[BlackElo "2123"]

1.d4 Nf6 2.c4 e6 3.g3 Be7 4.Bg2 O-O 5.Nf3 c6 6.O-O d5 7.Nbd2 Nbd7 8.Qc2 Re8
9.e4 dxe4 10.Nxe4 Nxe4 11.Qxe4 Nf6 12.Qe2 Qc7 13.Bf4 Bd6 14.Ne5 Nd7 15.Rfd1
Nxe5 16.dxe5 Be7 17.Rd3 Bd7 18.Be4 Rad8 19.Bxh7+ Kxh7 20.Qh5+ Kg8 21.g4 g6
22.Qh6 Bf8 23.Qh4 Bg7 24.Bg5 Rb8 25.Bf6 Bc8 26.Rh3 {#r} 1-0

[Event "Ch Poland (team)"]
[Site "masterchessopen.com Mikolajki (Poland)"]
[Round "8"]
[White "Wach Slawomir (POL)"]
[Black "Muc Tomasz (POL)"]
[Result "0-1"]
[WhiteElo "2290"]
[BlackElo "2309"]

1.Nf3 Nf6 2.c4 e6 3.g3 d5 4.Bg2 Be7 5.O-O O-O 6.d4 c6 7.Nbd2 Nbd7 8.Qc2 Re8
9.Rd1 b6 10.e4 dxe4 11.Nxe4 Nxe4 12.Qxe4 Bb7 13.Bf4 Qc8 14.Qc2 Nf6 15.Ne5 c5
16.d5 exd5 17.cxd5 Bd6 18.Nc4 Bxf4 19.gxf4 Qg4 20.Nd6 Re2 21.Qc4 Bc8 22.b4 Bd7
23.bxc5 bxc5 24.h3 Qh5 25.Qd3 Rb2 26.Nc4 Bf5 27.Qc3 Rc2 28.Qb3 Qe2 29.Ne3
Qxf2+ 30.Kh1 Re2 {#R} 0-1

[Event "It (open)"]
[Site "masterchessopen.com Reno (USA)"]
[Round "0"]
[White "Silman Jeremy D (USA)"]
[Black "McFarland Robert (ENG)"]
[Result "1-0"]
[WhiteElo "2383"]
[BlackElo "2202"]

1.d4 Nf6 2.c4 e6 3.g3 d5 4.Nf3 Be7 5.Bg2 O-O 6.Nbd2 Nbd7 7.O-O c6 8.Qc2 b6
9.e4 dxe4 10.Nxe4 Bb7 11.Bf4 Nxe4 12.Qxe4 Nf6 13.Qe2 Bd6 14.Ne5 Bxe5 15.dxe5
Nd7 16.Rfd1 Qe7 17.Rd6 Rac8 18.Rad1 Nb8 19.Qg4 Kh8 20.Bg5 Qc7 21.Be4 c5
22.Bxb7 Qxb7 23.Bf6 {#r} 1-0

[Event "It (open)"]
[Site "masterchessopen.com Gausdal (Norway)"]
[Round "8"]
[White "Madsen Dag (NOR)"]
[Black "Edvardsson Kristjan (ISL)"]
[Result "1-0"]
[WhiteElo "2320"]
[BlackElo "2230"]

1.d4 d5 2.c4 e6 3.Nf3 Nf6 4.g3 c6 5.Bg2 Be7 6.Qc2 O-O 7.Nbd2 Nbd7 8.O-O Re8
9.b3 Bd6 10.Bb2 Bc7 11.Rad1 Qe7 12.Rfe1 Ba5 13.a3 Ne4 14.b4 Nxd2 15.Nxd2 Bb6
16.e4 dxc4 17.Nxc4 Nf6 18.Qc1 Rd8 19.d5 cxd5 20.exd5 Bc7 21.Qg5 h6 22.Bxf6
Qxf6 23.Qxf6 gxf6 24.d6 Bb6 25.Rd3 Rb8 26.Rc1 Rd7 27.Nxb6 axb6 28.Rc7 Kf8
29.Rdc3 Rd8 30.Bf3 f5 31.Kg2 Kg7 32.Re7 Rxd6 33.Re8 {#r} 1-0

[Event "It (open)"]
[Site "masterchessopen.com Geneva (Switzerland)"]
[Round "0"]
[White "Summermatter Daniel (SUI)"]
[Black "Zindel Ernst (SUI)"]
[Result "1-0"]
[WhiteElo "2341"]
[BlackElo "1968"]

1.d4 d5 2.c4 e6 3.Nf3 Be7 4.g3 Nf6 5.Bg2 Nbd7 6.O-O O-O 7.Qc2 c6 8.Nbd2 Re8
9.Rd1 b5 10.c5 Bf8 11.b3 e5 12.Nxe5 Nxe5 13.dxe5 Rxe5 14.Nf3 Bf5 15.Qb2 Re8
16.Bg5 Be7 17.Nd4 Bd7 18.b4 a5 19.a3 Qc7 20.Bf4 Qb7 21.Nb3 a4 22.Nd4 Rad8
23.Be5 Ng4 24.Bxg7 f6 25.h3 Kxg7 26.hxg4 Bxg4 27.Bf3 h5 28.Bxg4 hxg4 29.Ne6+
Kg6 30.Rd4 f5 31.Rxg4+ fxg4 32.Qg7+ Kf5 33.Nd4+ {#r} 1-0

[Event "Ch Greece"]
[Site "masterchessopen.com Greece"]
[Round "9"]
[White "Skembris Spyridon (GRE)"]
[Black "Prentos Konstantinos (GRE)"]
[Result "1-0"]
[WhiteElo "2520"]
[BlackElo "2263"]

1.Nf3 e6 2.c4 d5 3.d4 c6 4.Qc2 Nd7 5.g3 Ngf6 6.Bg2 Be7 7.O-O O-O 8.Nbd2 dxc4
9.Nxc4 c5 10.Rd1 a6 11.dxc5 Bxc5 12.Be3 Qe7 13.Rac1 Nd5 14.Bxc5 Qxc5 15.e4
N5b6 16.Qd3 Qh5 17.Nxb6 Nxb6 18.Qd6 Nd7 19.e5 g5 20.h3 {#r} 1-0

[Event "Memorial Erkel (open)"]
[Site "masterchessopen.com Hungary"]
[Round "0"]
[White "Kiss Pal (HUN)"]
[Black "Toth Janos (HUN)"]
[Result "1-0"]
[WhiteElo "2362"]
[BlackElo "1890"]

1.d4 Nf6 2.c4 e6 3.Nf3 d5 4.g3 Be7 5.Bg2 O-O 6.O-O c6 7.Nbd2 Nbd7 8.Qc2 Re8
9.b3 Qa5 10.a3 Bd6 11.Bb2 e5 12.cxd5 cxd5 13.b4 Qa6 14.dxe5 Bxe5 15.Nxe5 Nxe5
16.e4 dxe4 17.Nxe4 Bf5 18.Nxf6+ Qxf6 19.Qb3 Rab8 20.Rfe1 Bg6 21.Re3 {#r} 1-0

[Event "It (open)"]
[Site "masterchessopen.com Karvina (Czech Republic)"]
[Round "8"]
[White "Grinshpun Eduard (RUS)"]
[Black "Tarasova Oksana (USA)"]
[Result "1-0"]
[WhiteElo "2395"]
[BlackElo "2170"]

1.Nf3 d5 2.d4 e6 3.c4 c6 4.Nbd2 Nf6 5.g3 Be7 6.Bg2 Nbd7 7.O-O O-O 8.Qc2 b6
9.e4 dxe4 10.Nxe4 Bb7 11.Bf4 c5 12.Nd6 Bc6 13.dxc5 bxc5 14.Rad1 Qb6 15.Rfe1
Rad8 16.Nf5 exf5 17.Rxe7 Be4 18.Qc1 Qa6 19.Nh4 Nb6 20.Bxe4 fxe4 21.Rxd8 Rxd8
22.Nf5 Qxa2 23.Bc7 Rf8 24.Qg5 Nh5 25.Qxh5 Nxc4 26.Qg5 g6 27.Nh6+ Kg7 28.Ng4
{#r} 1-0

[Event "Ch City"]
[Site "masterchessopen.com Lisbon (Portugal)"]
[Round "3"]
[White "Luyks Marinus (POR)"]
[Black "Santos Carlos P (POR)"]
[Result "0-1"]
[WhiteElo "2154"]
[BlackElo "2404"]

1.d4 d5 2.c4 e6 3.Nf3 c6 4.Qc2 Nf6 5.g3 Nbd7 6.Nbd2 Be7 7.Bg2 O-O 8.O-O b5
9.e4 dxc4 10.a4 Bb7 11.Re1 a6 12.b3 cxb3 13.Qxb3 Qb6 14.Nc4 Qc7 15.Nce5 Nxe5
16.Nxe5 Nd7 17.f4 Nxe5 18.fxe5 c5 19.d5 c4 20.d6 cxb3 21.dxc7 Rfc8 22.Be3 Rxc7
23.axb5 axb5 24.Rxa8+ Bxa8 25.Rb1 Rc3 26.Kf2 {#R} 0-1

[Event "It"]
[Site "masterchessopen.com Nettetal (Germany)"]
[Round "0"]
[White "Schlosser Philipp (GER)"]
[Black "Thesing Matthias (GER)"]
[Result "1-0"]
[WhiteElo "2500"]
[BlackElo "2415"]

1.c4 e6 2.g3 d5 3.Bg2 Nf6 4.Nf3 Be7 5.O-O O-O 6.d4 Nbd7 7.Qc2 c6 8.Nbd2 b6
9.e4 Bb7 10.Rd1 Rc8 11.b3 c5 12.exd5 exd5 13.Bb2 dxc4 14.Nxc4 b5 15.Nce5 cxd4
16.Qe2 Nxe5 17.Nxe5 Bxg2 18.Kxg2 Qb6 19.Rxd4 Bc5 20.Rf4 Rfe8 21.Rd1 Re6 22.Qf3
Rce8 23.Nd7 Nxd7 24.Rxd7 f6 25.Bd4 Rd6 26.Bxc5 Qxc5 27.Rf5 Qd4 28.Rxd6 Qxd6
29.Rxb5 a6 30.Rb7 Re1 31.Ra7 Re7 32.Qa8+ Kf7 33.Rxa6 Qd4 34.Ra4 {#r} 1-0

[Event "Ch Europe (juniors)"]
[Site "masterchessopen.com Rimavska Sobota (Slovakia)"]
[Round "0"]
[White "Chytilek Roman (CZE)"]
[Black "Wagener Claude (LUX)"]
[Result "1-0"]
[WhiteElo "2393"]
[BlackElo "2254"]

1.d4 Nf6 2.Nf3 d5 3.c4 e6 4.g3 Be7 5.Bg2 Nbd7 6.O-O O-O 7.Qc2 c6 8.Nbd2 Re8
9.b3 b6 10.Bb2 Ba6 11.e4 h6 12.Rfe1 Rc8 13.Rad1 Rc7 14.Rc1 Rc8 15.Red1 Rf8
16.Ne5 Re8 17.cxd5 cxd5 18.Nc6 Rxc6 19.Qxc6 Bb4 20.Qa4 Bxd2 21.Rxd2 Nb8 22.e5
Nh7 23.Ba3 b5 24.Qb4 Qb6 25.Qd6 Nf8 26.Qxb6 axb6 27.Bd6 Nfd7 28.Bf1 Kh7
29.Bd3+ g6 30.Rc7 Kg7 31.Rdc2 Kg8 32.Ra7 {#r} 1-0

[Event "Ch Romania (team)"]
[Site "masterchessopen.com Romania"]
[Round "0"]
[White "Nicolescu Dumitru (ROM)"]
[Black "Illijin Neboisa (ROM)"]
[Result "0-1"]
[WhiteElo "2250"]
[BlackElo "2174"]

1.g3 Nf6 2.Bg2 d5 3.Nf3 e6 4.O-O Be7 5.c4 c6 6.d4 O-O 7.Nbd2 Nbd7 8.Qc2 b5
9.b3 bxc4 10.bxc4 Ba6 11.Re1 Bb4 12.c5 Ne4 13.Nxe4 dxe4 14.Nd2 Nf6 15.Bb2 Rb8
16.Reb1 Bxd2 17.Qxd2 Qd5 18.Bc3 Qc4 19.f3 e3 20.Qe1 Nd5 21.Rc1 Qxe2 22.Qxe2
Bxe2 23.f4 Bd3 24.Bxd5 exd5 25.Re1 Rfe8 26.Kg2 h5 27.Kf3 e2 28.h3 Re4 29.h4
Rbe8 30.Rac1 Bc4 31.a3 Re3+ 32.Kf2 Rd3 33.Rc2 Ree3 {#R} 0-1

[Event "It (open)"]
[Site "masterchessopen.com St. Petersburg (Russia)"]
[Round "0"]
[White "Gorbatov Alexej (RUS)"]
[Black "Schneider Raymond (LUX)"]
[Result "1-0"]
[WhiteElo "2373"]
[BlackElo "2285"]

1.d4 Nf6 2.Nf3 d5 3.c4 e6 4.g3 Nbd7 5.Bg2 c6 6.Qc2 Be7 7.Nbd2 O-O 8.O-O Re8
9.b3 Bf8 10.Bb2 Qc7 11.Rac1 g6 12.Rfe1 Bh6 13.e3 Nf8 14.Ne5 Qe7 15.Qc3 N6d7
16.Nd3 Bg7 17.Qb4 f6 18.e4 dxe4 19.Nxe4 Nb6 20.Rc2 Qd8 21.Nec5 e5 22.dxe5 fxe5
23.Rce2 Nfd7 24.Ne4 Qe7 25.Ba3 Qe6 26.Qa4 Bf8 27.Nb2 Bxa3 28.Qxa3 Nf6 29.Nxf6+
Qxf6 {#r} 1-0

[Event "Ch USA (w)"]
[Site "masterchessopen.com Waltham (USA)"]
[Round "4"]
[White "Burtman Sharon (USA)"]
[Black "Pelech Leslie (USA)"]
[Result "0-1"]
[WhiteElo "2082"]
[BlackElo "2145"]

1.d4 d5 2.c4 e6 3.g3 Nf6 4.Bg2 Be7 5.Nf3 Nbd7 6.O-O O-O 7.Qc2 c6 8.Nbd2 b6
9.e4 Bb7 10.e5 Ne8 11.cxd5 exd5 12.Re1 Nc7 13.Nf1 Re8 14.h4 Ne6 15.Ne3 c5
16.dxc5 bxc5 17.Nf5 Bf8 18.Bd2 Qb6 19.h5 Rab8 20.N5h4 c4 21.Bh3 Ndc5 22.Be3
Qc6 23.Bf5 d4 24.Bd2 g6 25.hxg6 hxg6 26.Bh3 Nd3 27.Rf1 g5 {#R} 0-1

[Event "It"]
[Site "masterchessopen.com Kecskemet (Hungary)"]
[Round "0"]
[White "Gorbatov Alexej (RUS)"]
[Black "Tornai Imre (HUN)"]
[Result "1-0"]
[WhiteElo "2373"]
[BlackElo "2223"]

1.d4 d5 2.Nf3 e6 3.c4 Nf6 4.g3 c6 5.Qc2 Nbd7 6.Bg2 Be7 7.O-O O-O 8.Nbd2 a6
9.b3 b5 10.Bb2 Bb7 11.e4 dxe4 12.Nxe4 Nxe4 13.Qxe4 Nf6 14.Qc2 bxc4 15.bxc4 c5
16.dxc5 Bxc5 17.Ng5 Bd4 18.Bxd4 Qxd4 19.Bxb7 Rab8 20.Bxa6 Rb2 21.Qd1 Rd2
22.Qe1 Qd6 23.Bb5 Rd8 24.Nf3 Ne4 {#r} 1-0

[Event "It (open)"]
[Site "masterchessopen.com Balatonbereny (Hungary)"]
[Round "0"]
[White "Zimmerman Yuri (ISR)"]
[Black "Kovacova Zuzana (BER)"]
[Result "1-0"]
[WhiteElo "2410"]
[BlackElo "2123"]

1.d4 d5 2.Nf3 Nf6 3.c4 c6 4.Qc2 e6 5.g3 Be7 6.Bg2 O-O 7.O-O Nbd7 8.Nbd2 Re8
9.Rd1 b5 10.c5 Bf8 11.e4 e5 12.exd5 Nxd5 13.Nh4 Bb7 14.dxe5 Nxe5 15.Ne4 Qc7
16.Nf5 Red8 17.Nfd6 a5 18.b3 b4 19.Bb2 Ng6 20.h4 Bc8 21.h5 Nge7 22.Ng5 f5
23.h6 gxh6 24.Ngf7 Be6 25.Nxd8 Rxd8 26.Qe2 Qd7 27.Re1 Bf7 28.Rad1 Ng6 29.Nxf7
Kxf7 30.Qa6 Qc7 31.Rxd5 cxd5 32.Qe6# 1-0

[Event "It (open)"]
[Site "masterchessopen.com Caceres (Spain)"]
[Round "1"]
[White "Diaz Suarez Hugo (ESP)"]
[Black "Gonzalez Raul (ARG)"]
[Result "1-0"]
[WhiteElo "2120"]
[BlackElo "2310"]

1.d4 d5 2.Nf3 Nf6 3.c4 e6 4.g3 c6 5.Bg2 Nbd7 6.Qc2 Be7 7.O-O O-O 8.Nbd2 Re8
9.b3 Qc7 10.Bb2 h6 11.Rfe1 Nf8 12.Ne5 N8d7 13.Rad1 Bd6 14.f4 Bb4 15.a3 Bxd2
16.Rxd2 Rb8 17.h3 h5 18.Bf3 Kf8 19.Kg2 Ke7 20.a4 Nf8 21.g4 h4 22.g5 N6h7
23.cxd5 exd5 24.Bxd5 Be6 25.Be4 g6 26.d5 {#r} 1-0

[Event "Ch Denmark (qual)"]
[Site "masterchessopen.com Gladsaxe (Denmark)"]
[Round "0"]
[White "Jakobsen Ole (DEN)"]
[Black "Fuglsang Flemming (DEN)"]
[Result "1-0"]
[WhiteElo "2334"]
[BlackElo "2273"]

1.d4 Nf6 2.c4 e6 3.Nf3 d5 4.g3 c6 5.Bg2 Nbd7 6.Qc2 Be7 7.O-O O-O 8.Nbd2 Re8
9.e4 Nxe4 10.Nxe4 dxe4 11.Qxe4 Bf6 12.Rd1 Qb6 13.c5 Qb4 14.Qc2 Qa5 15.Bf4 Qd8
16.h4 h6 17.Ne5 Nb8 18.Qe4 Na6 19.a3 Re7 20.Bf1 Qd5 21.Qe3 Bxe5 22.dxe5 Qxc5
23.Rd8+ Kh7 24.Qe4+ g6 25.Bxh6 Rd7 26.Rd1 Rxd1 27.Rxd1 f5 28.exf6 Kxh6 29.Rd8
Kh7 30.Qf4 {#r} 1-0

[Event "It (open)"]
[Site "masterchessopen.com Harkany (Hungary)"]
[Round "0"]
[White "Kustar Sandor (HUN)"]
[Black "Kozlov Oleg (RUS)"]
[Result "0-1"]
[WhiteElo "2347"]
[BlackElo "2298"]

1.Nf3 d5 2.d4 Nf6 3.c4 e6 4.g3 Nbd7 5.Bg2 c6 6.Nbd2 Be7 7.Qc2 O-O 8.O-O b6
9.e4 Nxe4 10.Nxe4 dxe4 11.Qxe4 Bb7 12.Rd1 Qc8 13.Qc2 c5 14.d5 exd5 15.cxd5 Rd8
16.Bf4 Nf8 17.Ng5 Bd6 18.Be3 Be5 19.Rac1 h6 20.Ne4 Qd7 21.f4 Bd6 22.b3 Re8
23.f5 Be5 24.f6 Ng6 25.fxg7 f5 26.Bxh6 Kh7 27.Ng5+ Kxh6 28.Ne6 Rxe6 29.dxe6
Bd4+ 30.Kh1 Qxg7 31.Qxf5 Bxg2+ 32.Kxg2 Nh4+ {#R} 0-1

[Event "Ch Hungary (team) 1992/93"]
[Site "masterchessopen.com Hungary"]
[Round "0"]
[White "Mincsovics Miklos (HUN)"]
[Black "Radnoti Gergely (HUN)"]
[Result "1-0"]
[WhiteElo "2218"]
[BlackElo "2097"]

1.d4 d5 2.c4 c6 3.Nf3 Nf6 4.Qc2 e6 5.Nbd2 Nbd7 6.g3 Be7 7.Bg2 O-O 8.O-O c5
9.b3 b6 10.e4 dxe4 11.Nxe4 Bb7 12.Nxf6+ Bxf6 13.Bb2 cxd4 14.Nxd4 Bxg2 15.Kxg2
Qc7 16.Rad1 Rfd8 17.f3 Ne5 18.Qe4 Rac8 19.Nb5 Qc6 20.Nxa7 Qxe4 21.fxe4 Rxd1
22.Rxd1 Ra8 23.Bxe5 Rxa7 24.Bxf6 Rxa2+ 25.Kf3 gxf6 26.Rd6 Ra6 27.b4 Kf8 28.Kf4
Ke7 29.c5 h5 30.Rxb6 e5+ 31.Kf5 Ra2 32.Rb7+ Kd8 33.Kxf6 Rxh2 34.Rxf7 {#r} 1-0

[Event "It \"]
[Site "masterchessopen.com Hungary"]
[Round "1"]
[White "Korpics Zsolt (HUN)"]
[Black "Csikos Mihaly (HUN)"]
[Result "1-0"]
[WhiteElo "2319"]
[BlackElo "2040"]

1.d4 Nf6 2.c4 e6 3.g3 d5 4.Bg2 Be7 5.Nf3 O-O 6.O-O c6 7.Qc2 Nbd7 8.Nbd2 b6
9.e4 dxe4 10.Nxe4 Bb7 11.Rd1 Nxe4 12.Qxe4 Nf6 13.Qc2 Qc7 14.Bf4 Bd6 15.Bg5 Nd7
16.c5 bxc5 17.dxc5 Bxc5 18.Rxd7 Bxf2+ 19.Kxf2 Qxd7 20.Rd1 Qc7 21.Bf4 Qb6+
22.Be3 Qa6 23.Ng5 g6 24.Ne4 Rfd8 25.Nf6+ Kg7 26.Rxd8 Rxd8 27.Qc3 Qb5 28.Nh5+
Kf8 29.Bc5+ {#r} 1-0

[Event "It (open)"]
[Site "masterchessopen.com Mislata (Spain)"]
[Round "6"]
[White "Veingold Aleksandr (EST)"]
[Black "Plesec Damjan (SLO)"]
[Result "1-0"]
[WhiteElo "2465"]
[BlackElo "2304"]

1.d4 d5 2.Nf3 e6 3.g3 Nf6 4.Bg2 Be7 5.O-O O-O 6.c4 c6 7.Qc2 Nbd7 8.Nbd2 b6
9.e4 Bb7 10.e5 Ne8 11.b3 Rc8 12.Bb2 Qc7 13.Rac1 Qb8 14.Rfd1 Nc7 15.h4 c5
16.dxc5 Nxc5 17.Ng5 g6 18.b4 Nd7 19.a3 Rfd8 20.Qb3 dxc4 21.Nxc4 Bxg2 22.Kxg2
Qa8+ 23.Kg1 Ne8 24.Qe3 b5 25.Nd6 Rxc1 26.Rxc1 Nxe5 27.Qxe5 Bf6 28.Qf4 e5
29.Bxe5 {#r} 1-0

[Event "It (open)"]
[Site "masterchessopen.com Badalona (Spain)"]
[Round "2"]
[White "Gasimov Ragim (AZE)"]
[Black "Alberto M (ARG)"]
[Result "0-1"]
[WhiteElo "2420"]
[BlackElo "2043"]

1.d4 d5 2.Nf3 Nf6 3.c4 c6 4.Qc2 e6 5.g3 Be7 6.Bg2 O-O 7.O-O Nbd7 8.Nbd2 Re8
9.e4 Nxe4 10.Nxe4 dxe4 11.Qxe4 Nf6 12.Qe2 c5 13.dxc5 Bxc5 14.Ne5 Nd7 15.Rd1
Qc7 16.Bf4 Nxe5 17.Bxe5 Qe7 18.Qd2 f6 19.Bc3 e5 20.b4 Bb6 21.c5 Bd8 22.Rac1 e4
23.Qd5+ Kf8 24.Re1 Qf7 25.Bxe4 Qxd5 26.Bxd5 Rb8 27.Rf1 Bc7 28.Rce1 Rxe1
29.Bxe1 Be5 30.b5 Bd7 31.Bb4 Bxb5 32.c6+ Ke8 33.cxb7 Bxf1 34.Bc6+ Kd8 {#R} 0-1

[Event "It (open)"]
[Site "masterchessopen.com Balatonbereny (Hungary)"]
[Round "2"]
[White "Schwing Hans-Elmar (GER)"]
[Black "Domotor Jozsef (HUN)"]
[Result "1-0"]
[WhiteElo "2311"]
[BlackElo "1974"]

1.d4 Nf6 2.c4 e6 3.g3 d5 4.Bg2 Be7 5.Nf3 O-O 6.O-O c6 7.Qc2 Nbd7 8.Nbd2 b6
9.e4 Bb7 10.e5 Ne8 11.cxd5 cxd5 12.Re1 Rc8 13.Qd1 b5 14.Nb3 Qb6 15.Bg5 f6
16.exf6 Bxf6 17.Bxf6 Rxf6 18.Bh3 Nc7 19.Ne5 Nxe5 20.Rxe5 Ne8 21.Nc5 Rxc5
22.dxc5 Qxc5 23.Qe2 Nc7 24.Bxe6+ Nxe6 25.Rxe6 {#r} 1-0

[Event "It (open)"]
[Site "masterchessopen.com Berga (Spain)"]
[Round "2"]
[White "Ionescu Constantin (ROM)"]
[Black "Perez Lopez Juli (ESP)"]
[Result "1-0"]
[WhiteElo "2465"]
[BlackElo "2181"]

1.d4 d5 2.c4 c6 3.Nf3 Nf6 4.Qc2 e6 5.Nbd2 Nbd7 6.g3 Be7 7.Bg2 O-O 8.O-O b6
9.Rd1 Bb7 10.e4 Rc8 11.b3 c5 12.exd5 exd5 13.dxc5 dxc4 14.Nxc4 Rxc5 15.Be3 Be4
16.Qe2 Rd5 17.Bh3 b5 18.Nb2 Ba3 19.Nd3 Re8 20.Nf4 Rxd1+ 21.Rxd1 Qa8 22.Ng5 Bc6
23.Bxd7 Nxd7 24.Qh5 Nf6 25.Qxf7+ Kh8 26.b4 Bxb4 27.Qb3 {#r} 1-0

[Event "Ch Czech Chess Union (open)"]
[Site "masterchessopen.com Prague (Czech Republic)"]
[Round "2"]
[White "Snorek Milan (CZE)"]
[Black "Kropik Jan (CZE)"]
[Result "1-0"]
[WhiteElo "2097"]
[BlackElo "1989"]

1.d4 Nf6 2.Nf3 e6 3.c4 d5 4.g3 Be7 5.Bg2 O-O 6.O-O Nbd7 7.Qc2 c6 8.Nbd2 Re8
9.b3 g6 10.Bb2 Bf8 11.Rad1 Bg7 12.Rfe1 Qc7 13.e4 dxe4 14.Nxe4 b6 15.Ne5 Bb7
16.Nxd7 Nxd7 17.c5 Nf6 18.Nd6 Red8 19.Bc1 Ne8 20.Nxb7 Qxb7 21.cxb6 axb6
22.Qxc6 Qxc6 23.Bxc6 Rxa2 24.d5 Nc7 25.d6 Na6 26.Bg5 f6 27.Be3 Bf8 28.d7 Bc5
29.Bxc5 Nxc5 30.b4 {#r} 1-0

[Event "It (open)"]
[Site "masterchessopen.com Reykjavik (Iceland)"]
[Round "6"]
[White "Rashkovsky Nukhim N (RUS)"]
[Black "Garcia Gildardo (COL)"]
[Result "1-0"]
[WhiteElo "2510"]
[BlackElo "2540"]

1.d4 Nf6 2.Nf3 e6 3.g3 Be7 4.Bg2 O-O 5.O-O d5 6.c4 Nbd7 7.Qc2 c6 8.Nbd2 b6
9.e4 Ba6 10.b3 c5 11.exd5 exd5 12.Bb2 cxd4 13.Nxd4 {#r} 1-0

[Event "It (open)"]
[Site "masterchessopen.com Sarospatak (Hungary)"]
[Round "0"]
[White "Priehoda Vitezslav (CZE)"]
[Black "Izsak Gyula (HUN)"]
[Result "1-0"]
[WhiteElo "2390"]
[BlackElo "2400"]

1.d4 d5 2.c4 e6 3.Nf3 Nf6 4.g3 c6 5.Bg2 Be7 6.O-O O-O 7.Nbd2 Nbd7 8.Qc2 Re8
9.b3 b6 10.Bb2 Bb7 11.Rad1 Rc8 12.e4 dxe4 13.Ng5 h6 14.Ngxe4 Nxe4 15.Nxe4 Nf6
16.a3 Nxe4 17.Qxe4 Bf6 18.Rd3 Qe7 19.b4 Red8 20.Rdd1 Rc7 21.Bc1 Ba8 22.c5 Rcd7
23.Be3 b5 24.f4 g6 {#r} 1-0

[Event "Ch Slovakia"]
[Site "masterchessopen.com Topolcianky (Slovakia)"]
[Round "3"]
[White "Popovich Sviatoslav (UKR)"]
[Black "Prochazka Jiri (CZE)"]
[Result "1-0"]
[WhiteElo "2233"]
[BlackElo "2145"]

1.Nf3 Nf6 2.d4 e6 3.g3 d5 4.Bg2 Be7 5.O-O O-O 6.c4 c6 7.Qc2 Nbd7 8.Nbd2 a6
9.b3 b5 10.e4 Bb7 11.Bb2 Rc8 12.e5 Ng4 13.c5 f6 14.exf6 Rxf6 15.Bh3 Rg6
16.Rfe1 e5 17.Nxe5 Ngxe5 18.dxe5 Bxc5 19.e6 Qc7 20.Nf3 Rf8 21.exd7 Rxf3
22.Re8+ Kf7 23.Qxc5 {#r} 1-0

[Event "Ch Germany (juniors) (team)"]
[Site "masterchessopen.com Binz (Germany)"]
[Round "0"]
[White "Gerstenhauer Doreen (GER)"]
[Black "Wilhelmi Christian (GER)"]
[Result "1-0"]
[WhiteElo "2106"]
[BlackElo "2315"]

1.c4 e6 2.g3 d5 3.Bg2 Nf6 4.Nf3 Be7 5.O-O O-O 6.d4 Nbd7 7.Qc2 c6 8.Nbd2 b6
9.Rd1 Bb7 10.b3 Rc8 11.e4 dxe4 12.Nxe4 Nxe4 13.Qxe4 Bf6 14.Bf4 Qe7 15.h4 Rfd8
16.Ne5 Ba8 17.Qe3 g6 18.Rac1 Bg7 19.c5 b5 20.Ng4 Nf6 21.Nxf6+ Bxf6 22.Be5 Rd7
23.Qf4 Bxe5 24.dxe5 a5 25.Rd6 Rdc7 26.h5 {#r} 1-0

[Event "Memorial Schneider"]
[Site "masterchessopen.com Budapest (Hungary)"]
[Round "9"]
[White "Kozlov Oleg (RUS)"]
[Black "Lepsenyi Lorant (HUN)"]
[Result "1-0"]
[WhiteElo "2390"]
[BlackElo "2055"]

1.d4 Nf6 2.Nf3 e6 3.g3 d5 4.Bg2 Nbd7 5.O-O Be7 6.c4 c6 7.Qc2 O-O 8.Nbd2 b6
9.Rd1 Bb7 10.e4 dxe4 11.Nxe4 Nxe4 12.Qxe4 Nf6 13.Qe2 Qc7 14.Bf4 Bd6 15.Ne5
Rad8 16.c5 bxc5 17.dxc5 Bxe5 18.Bxe5 Qa5 19.b4 Rxd1+ 20.Qxd1 Qd8 21.Qxd8 Rxd8
22.Bxf6 gxf6 23.b5 Ba8 24.a4 Kf8 25.Rb1 Ke7 26.b6 Rb8 27.a5 a6 28.Rd1 Bb7
29.Rd6 Rd8 30.Bxc6 Bxc6 31.Rxc6 Rd1+ 32.Kg2 Ra1 33.b7 {#r} 1-0

[Event "It (open)"]
[Site "masterchessopen.com Cappelle la Grande (France)"]
[Round "5"]
[White "Kiselev Sergey (RUS)"]
[Black "Atlas Dimitry (LIE)"]
[Result "1-0"]
[WhiteElo "2505"]
[BlackElo "2335"]

1.d4 e6 2.c4 d5 3.Nf3 c6 4.Qc2 Nd7 5.g3 Ngf6 6.Bg2 Be7 7.O-O O-O 8.Nbd2 Re8
9.e4 dxe4 10.Nxe4 Nxe4 11.Qxe4 c5 12.Rd1 cxd4 13.Nxd4 a6 14.Be3 Qc7 15.Rac1
Bc5 16.Qb1 Qb6 17.Rc3 Nf6 18.Nc2 Rb8 19.b4 Bxe3 20.Nxe3 Bd7 21.Rcd3 Qc7 22.Rd6
Ba4 23.R1d2 Kh8 24.b5 axb5 25.cxb5 Qc5 26.Bf1 e5 27.Qf5 Qb4 28.a3 Qa5 29.Rb2
Qc3 30.Rb4 Qxa3 31.Qb1 Bxb5 32.Bxb5 Red8 33.Rxf6 gxf6 34.Rh4 {#r} 1-0

[Event "Memorial J.Capablanca (c)"]
[Site "masterchessopen.com Cuba"]
[Round "0"]
[White "Li Manuel (CUB)"]
[Black "Rivera Alberto (CUB)"]
[Result "0-1"]
[WhiteElo "2365"]
[BlackElo "2360"]

1.d4 Nf6 2.c4 e6 3.g3 d5 4.Bg2 c6 5.Nf3 Nbd7 6.Qc2 Be7 7.O-O O-O 8.Nbd2 b6
9.e4 Ba6 10.Rd1 Nxe4 11.Nxe4 dxe4 12.Nd2 f5 13.Nb1 Nf6 14.b3 Qe8 15.Nc3 Qh5
16.Bb2 Rad8 17.Rd2 e5 18.d5 e3 19.fxe3 Bc5 20.Qd3 e4 21.Qe2 Ng4 {#R} 0-1